Name the Pokémon City #3 - Statistics

General Stats
  • This quiz has been taken 17 times
  • The average score is 9 of 16
Answer Stats
Picture Answer % Correct
Fortree City
93%
Celadon City
87%
Oreburgh City
87%
Po Town
67%
Sunyshore City
60%
Oldale City
53%
Azalea Town
47%
Ballonlea
47%
Medali
47%
Undella Town
47%
Mahogany Town
40%
Nacrene City
40%
Nuvema Town
40%
Hulbury
33%
Iki Town
33%
Montenevera
33%
No matching quizzes found
Score Distribution
Percent of People with Each Score
Percentile by Number Answered
Your Score History
You have not taken this quiz